Physical and Chemical Methods in Soil Analysis. (Record no. 34853)

MARC details
000 -LEADER
fixed length control field 00548nam a22001697a 4500
003 - CONTROL NUMBER IDENTIFIER
control field OSt
005 - DATE AND TIME OF LATEST TRANSACTION
control field 20220415113319.0
008 - FIXED-LENGTH DATA ELEMENTS--GENERAL INFORMATION
fixed length control field 220415b |||||||| |||| 00| 0 eng d
020 ## - INTERNATIONAL STANDARD BOOK NUMBER
International Standard Book Number 8122415733
040 ## - CATALOGING SOURCE
Transcribing agency HU
082 ## - DEWEY DECIMAL CLASSIFICATION NUMBER
Classification number 631.4
100 ## - MAIN ENTRY--PERSONAL NAME
Personal name Sarkar, D. (Dipak); Haldar, Abhijit
9 (RLIN) 33874
245 ## - TITLE STATEMENT
Title Physical and Chemical Methods in Soil Analysis.
Statement of responsibility, etc. Dipak Sarkar; Abhijit Haldar
260 ## - PUBLICATION, DISTRIBUTION, ETC.
Place of publication, distribution, etc. New Delhi :
Name of publisher, distributor, etc. New Age International Pvt. Ltd., Publishers,
Date of publication, distribution, etc. 2005.
300 ## - PHYSICAL DESCRIPTION
Extent 1 online resource (193 pages)
Other physical details PC
Dimensions 26
942 ## - ADDED ENTRY ELEMENTS (KOHA)
Source of classification or shelving scheme Dewey Decimal Classification
Koha item type Books like text book referance book
Suppress in OPAC No
Holdings
Withdrawn status Lost status Source of classification or shelving scheme Damaged status Not for loan Collection code Home library Current library Shelving location Date acquired Total Checkouts Full call number Barcode Date last seen Copy number Price effective from Koha item type
    Dewey Decimal Classification     Reference Wondo Genet Library Wondo Genet Library General Stacks 04/15/2022   631.4 SAR 2005 WGCFNRL00019140 04/15/2022 1 04/15/2022 Books like text book referance book